000 00493nam a22001937a 4500
005 20260604125432.0
008 260604b |||||||| |||| 00| 0 eng d
020 _a9789355966773
_c1175.00
040 _aMAIN
041 _aEnglish
082 _a336
_bMIT
100 _aMithani, D.M.
_98707
245 _aMoney Banking International Trade and Public Finance
250 _a22
260 _aMumbai
_bHimalaya
_c2025
300 _a736
650 _aEconomics (PM USHA)
_926774
942 _cBK
999 _c61007
_d61007